00464nam a2200157Ia 450000500170000000800410001708200130005810000160007124500230008726000390011030000130014965000240016294200060018695200990019299900150029120250318081402.0240331s9999 xx 000 0 und d bISMa894 aIsmail, M.M 0aIllakkiya malarkal aChennaibVanathi Pathippagamc1990 a462 p ., aKalaium Ilakkiyamum cL 001040708LaWERCLbWERCLcSSCd2024-03-31l0o 894.811 ISMp1429r2024-03-31w2024-03-31yL c3956d3956